Sobre el oficio de escribir / (Registro nro. 11382)

Detalles MARC
000 -LIDER
fixed length control field 01034nam a22003137a 4500
001 - NÚMERO DE CONTROL
Identificador de número de control 000496
003 - IDENTIFICACDOR DE NÚMERO DE CONTROL
control field DO-SdBNP
005 - DATE AND TIME OF LATEST TRANSACTION
control field 20171113104808.0
007 - CAMPOS FIJOS DE DESCRIPCIÓN FÍSICA
fixed length control field 000496
008 - ELEMENTOS DE LONGITUD FIJA
fixed length control field 160914b 1989 mx ||||| |||| 00| 0 spa d
020 ## - ISBN
International Standard Book Number 9686677224
040 ## - FUENTE DE CATALOGACIÓN
Agencia que crea de manera original el registro BPMSU
Idioma de catalogación spa
Agencia que realiza la transcripción BPMSU
041 17 - CÓDIGOS DE OBRAS TRADUCIDAS O EN VARIOS IDIOMAS
Código del idioma del texto/archivo de sonido o separata spa
Cód. del idioma original y/o traducciones intermedias del texto
082 #4 - NÚMERO DE CLASIFICACIÓN DECIMAL DE DEWEY
Classification number 813.52
Item number E71e
100 1# - ASIENTO PRINCIPAL -- NOMBRE PERSONAL
Nombre personal Hemingway, Ernest,
Fechas asociadas con el nombre 1899-1961
240 10 - TITULO UNIFORME
Título uniforme Ernest Hemingway on writing.
Idioma de una obra Español
245 10 - MENCIÓN DE TITULO
Título Sobre el oficio de escribir /
Mención de responsabilidad editado por Larry W. Phillips ; traduccion Maria Alfageme Ramirex.
260 ## - PUBLICACIÓN, DISTRIBUCIÓN, ETC. (PIE DE IMPRENTA)
Lugar de publicación, distribución, etc Mexico :
Nombre del editor, distribuidor, etc. Publigrafics,
Fecha de publicación, distribución, etc 1989.
300 ## - DESCRIPCIÓN FÍSICA
Extensión xiii, 128 p.
Dimensiones 19 cm.
500 ## - NOTA GENERAL
Nota general Traducción de: Ernest Hemingway on writing.
600 14 - ENCABEZAMIENTO DE MATERIA--NOMBRE PERSONAL
Nombre personal ERNEST HEMINGWAY
Fechas asociadas con el nombre 1899-1961
Subdivisión temática general CITAS
650 #4 - ENCABEZAMIENTO DE MATERIA--TEMÁTICO
Término temático o nombre geográfico como elemento de entrada LITERATURA NORTEAMERICANA
700 1# - ASIENTO SECUNDARIO -- NOMBRE PERSONAL
Nombre personal Phillips, Larry W.
Mención de responsabilidad ed.
700 12 - ASIENTO SECUNDARIO -- NOMBRE PERSONAL
Nombre personal Alfageme Ramirex, María,
Mención de responsabilidad tr.
910 ## - VALIDACIÓN
Validación Validado. Control de calidad MFF
942 ## - ADDED ENTRY ELEMENTS (KOHA)
Source of classification or shelving scheme Dewey Decimal Classification
Koha item type Libros
945 ## - INFORMACIÓN DE PROCESAMIENTO LOCAL
Información de procesamiento local Inventariado extranjero / 2017 VM
956 ## - LOCAL ELECTRONIC LOCATION AND ACCESS (OCLC)
Método de acceso LOPEREZ
Materiales especificados 10
Enlace 20160914
Campo enlazado y núm. de secuencia BPMSU
Nombre de host 00041
Existencias
Withdrawn status Lost status Source of classification or shelving scheme Damaged status Not for loan Collection code Home library Current library Date acquired Source of acquisition Total Checkouts Full call number Barcode Date last seen Price effective from Koha item type
    Dewey Decimal Classification     Colección General Biblioteca Pública Metropolitana Salomé Ureña Biblioteca Pública Metropolitana Salomé Ureña 09/14/2016 Donación   813.52 E71e BPMSU16090291 09/14/2016 09/14/2016 Libros